[Event "San Francisco TNM Winter op"]
[Site "San Francisco"]
[Date "2015.02.17"]
[Round "7"]
[White "Bayaraa, Chinguun"]
[Black "Flores Gomez, David"]
[Result "1/2-1/2"]
[WhiteElo "2062"]
[BlackElo "1818"]
[PlyCount "101"]
[EventDate "2015.01.06"]
[EventType "swiss"]
[EventRounds "8"]
[EventCountry "USA"]
[SourceTitle "EXT 2016"]
[Source "ChessBase"]
[SourceDate "2015.10.08"]
[SourceVersion "1"]
[SourceVersionDate "2015.10.08"]
[SourceQuality "1"]

1. d4 Nf6 2. c4 c5 3. d5 b5 4. Nf3 d6 5. Qc2 g6 6. e4 b4 7. h3 Bg7 8. Be3 0-0 9. Nbd2 Nbd7 10. Be2 Rb8 11. 0-0 Kh8 12. Rab1 Qc7 13. Nh2 e6 14. Nhf3 Nb6 15. Bd3 Nh5 16. Nb3 e5 17. a3 Nd7 18. axb4 Rxb4 19. Bd2 Rb8 20. Nc1 Ndf6 21. b4 Nf4 22. Bxf4 exf4 23. bxc5 Rxb1 24. Qxb1 Qxc5 25. Nb3 Qc7 26. Nbd4 Bd7 27. Qa2 Rb8 28. Rb1 Rxb1+ 29. Qxb1 h6 30. Qa2 Be8 31. Nb3 Nd7 32. Qa6 Nc5 33. Nxc5 Qxc5 34. Qb7 Kg8 35. Qe7 Ba4 36. e5 Bf8 37. Qf6 dxe5 38. Nxe5 Qe7 39. Qxf4 Bg7 40. Nf3 Bf8 41. c5 Qe8 42. d6 Bb3 43. Ne5 Qe6 44. d7 Be7 45. c6 Bd8 46. Bc4 Bxc4 47. Nxc4 Qxc6 48. Ne5 Qe6 49. Qd4 Kf8 50. Qb4+ Kg7 51. Qc3 1/2-1/2

[Event "San Francisco TNM Winter op"]
[Site "San Francisco"]
[Date "2015.01.13"]
[Round "2"]
[White "Flores Gomez, David"]
[Black "Stearman, Josiah P"]
[Result "0-1"]
[WhiteElo "1818"]
[BlackElo "2195"]
[PlyCount "74"]
[EventDate "2015.01.06"]
[EventType "swiss"]
[EventRounds "8"]
[EventCountry "USA"]
[SourceTitle "EXT 2016"]
[Source "ChessBase"]
[SourceDate "2015.10.08"]
[SourceVersion "1"]
[SourceVersionDate "2015.10.08"]
[SourceQuality "1"]

1. e4 c5 2. b3 e6 3. Bb2 Nc6 4. Nf3 d5 5. e5 Nge7 6. g3 Nf5 7. Bb5 Bd7 8. Bxc6 Bxc6 9. d4 h5 10. h4 Rc8 11. Nbd2 b5 12. Nf1 c4 13. Ne3 Nxe3 14. fxe3 g6 15. 0-0 Bh6 16. Qe1 0-0 17. Bc3 Re8 18. Qf2 Rc7 19. Rad1 Rd7 20. Bb4 a5 21. Bc5 b4 22. Nh2 Bb5 23. g4 cxb3 24. axb3 Bxf1 25. Rxf1 Kh7 26. Kh1 Rg8 27. g5 Bf8 28. Bxf8 Rxf8 29. Nf3 Rc7 30. Rc1 Rc3 31. Ne1 Qc7 32. Qd2 Rc8 33. Ra1 Ra8 34. Rc1 a4 35. bxa4 b3 36. Nd3 Rxc2 37. Qd1 Qc3 0-1

[Event "San Francisco TNM Fall op"]
[Site "San Francisco"]
[Date "2014.12.09"]
[Round "7"]
[White "Krasnov, Steven Lender"]
[Black "Flores Gomez, David"]
[Result "1-0"]
[WhiteElo "2002"]
[BlackElo "1793"]
[PlyCount "93"]
[EventDate "2014.10.21"]
[EventType "swiss"]
[EventRounds "8"]
[EventCountry "USA"]
[SourceTitle "EXT 2016"]
[Source "ChessBase"]
[SourceDate "2015.10.08"]
[SourceVersion "1"]
[SourceVersionDate "2015.10.08"]
[SourceQuality "1"]

1. c4 Nf6 2. Nf3 g6 3. Nc3 Bg7 4. d4 0-0 5. e4 d6 6. h3 Nbd7 7. Be3 a6 8. Be2 Rb8 9. 0-0 e5 10. Qd2 exd4 11. Nxd4 Re8 12. f3 c5 13. Nc2 Ne5 14. Rad1 Re6 15. Bxc5 Ne8 16. Ba7 Bd7 17. Nd5 Rc8 18. Bb6 Qh4 19. Bf2 Qd8 20. Nd4 Nxc4 21. Bxc4 Rxc4 22. Nxe6 Bxe6 23. b3 Rc6 24. Rc1 Kh8 25. Rxc6 bxc6 26. Nb6 Nc7 27. Rc1 Ne8 28. Rxc6 Qf6 29. Nd5 Qe5 30. Rxa6 Bxd5 31. exd5 Nc7 32. Rc6 Ne8 33. Rc8 h5 34. Qe3 Qxd5 35. Qxe8+ Kh7 36. Rc7 Kh6 37. Rxf7 h4 38. Qe3+ g5 39. Rc7 Be5 40. Qe4 Qd1+ 41. Be1 Bg7 42. Kh1 Qa1 43. Qe6+ Kh5 44. Qf7+ Kh6 45. Qxg7+ Qxg7 46. Rxg7 Kxg7 47. a4 1-0

[Event "San Francisco TNM Fall op"]
[Site "San Francisco"]
[Date "2014.11.18"]
[Round "4"]
[White "Robertson, Guy"]
[Black "Flores Gomez, David"]
[Result "0-1"]
[WhiteElo "1494"]
[BlackElo "1793"]
[PlyCount "72"]
[EventDate "2014.10.21"]
[EventType "swiss"]
[EventRounds "8"]
[EventCountry "USA"]
[SourceTitle "EXT 2016"]
[Source "ChessBase"]
[SourceDate "2015.10.08"]
[SourceVersion "1"]
[SourceVersionDate "2015.10.08"]
[SourceQuality "1"]

1. e4 e5 2. Nf3 d6 3. d3 Nf6 4. Nbd2 g6 5. g3 Bg7 6. Bg2 Nc6 7. 0-0 0-0 8. a4 a5 9. c3 b6 10. Nc4 Ba6 11. Na3 Rb8 12. c4 Qd7 13. Rb1 h6 14. h3 Kh7 15. b3 Bc8 16. Bb2 Qe7 17. Qe2 Nd7 18. Nb5 Nc5 19. Bc3 f5 20. exf5 Bxf5 21. Rbd1 Nb4 22. Bxb4 axb4 23. Nh4 Be6 24. Na7 Qd7 25. Nc6 Nxb3 26. Nxb4 Qxa4 27. Nc6 Rbe8 28. Qc2 Nc5 29. Qb2 Qb3 30. Qc1 Bd7 31. d4 Ne6 32. dxe5 Bxc6 33. Bxc6 Bxe5 34. Bxe8 Rxe8 35. f4 Bd4+ 36. Rxd4 Nxd4 0-1

[Event "San Francisco TNM Fall op"]
[Site "San Francisco"]
[Date "2014.10.28"]
[Round "2"]
[White "Eytan, David"]
[Black "Flores Gomez, David"]
[Result "0-1"]
[WhiteElo "1496"]
[BlackElo "1793"]
[PlyCount "72"]
[EventDate "2014.10.21"]
[EventType "swiss"]
[EventRounds "8"]
[EventCountry "USA"]
[SourceTitle "EXT 2016"]
[Source "ChessBase"]
[SourceDate "2015.10.08"]
[SourceVersion "1"]
[SourceVersionDate "2015.10.08"]
[SourceQuality "1"]

1. e4 d6 2. Bc4 Nf6 3. Nc3 g6 4. d4 Bg7 5. Be3 0-0 6. Qd2 Ng4 7. Nf3 Nxe3 8. Qxe3 a6 9. Rd1 Nd7 10. h4 h5 11. Nd5 b5 12. Bb3 c5 13. c3 Bb7 14. Nf4 Kh7 15. Ng5+ Kg8 16. Nfe6 Qa5 17. Nxf8 Rxf8 18. Bxf7+ Rxf7 19. Nxf7 Kxf7 20. Qf4+ Kg8 21. dxc5 Nxc5 22. f3 Qxa2 23. Qc1 Qc4 24. Qe3 Ne6 25. g3 Kh7 26. Rh2 Bh6 27. Qd3 Qc5 28. Rg2 Qc8 29. b4 a5 30. bxa5 Nc5 31. Qxb5 Ba6 32. Qb1 Qh3 33. Qa2 Kg7 34. c4 Qh1+ 35. Kf2 Qxd1 36. Qb2+ Kf7 0-1

[Event "San Francisco TNM Jay Whitehead op"]
[Site "San Francisco"]
[Date "2014.09.02"]
[Round "5"]
[White "Wong, Russell"]
[Black "Flores Gomez, David"]
[Result "1-0"]
[WhiteElo "2200"]
[BlackElo "1793"]
[PlyCount "51"]
[EventDate "2014.08.05"]
[EventType "swiss"]
[EventRounds "9"]
[EventCountry "USA"]
[SourceTitle "EXT 2016"]
[Source "ChessBase"]
[SourceDate "2015.10.08"]
[SourceVersion "1"]
[SourceVersionDate "2015.10.08"]
[SourceQuality "1"]

1. e4 g6 2. d4 Bg7 3. Nc3 d6 4. Be3 Nc6 5. d5 Nb8 6. Qd2 c5 7. Bb5+ Bd7 8. Be2 a6 9. h4 Qa5 10. h5 b5 11. f4 b4 12. Nd1 Nf6 13. h6 Bf8 14. Nf2 Bb5 15. Bf3 Nfd7 16. Ne2 Nb6 17. b3 N8d7 18. Ng4 c4 19. 0-0 f5 20. exf5 gxf5 21. a4 fxg4 22. axb5 Qxb5 23. Nd4 c3 24. Qf2 Qc5 25. Nc6 g3 26. Bh5# 1-0

[Event "San Francisco TNM Jay Whitehead op"]
[Site "San Francisco"]
[Date "2014.08.20"]
[Round "3"]
[White "Flores Gomez, David"]
[Black "Tsodikova, Natalia"]
[Result "0-1"]
[WhiteElo "1793"]
[BlackElo "2162"]
[PlyCount "64"]
[EventDate "2014.08.05"]
[EventType "swiss"]
[EventRounds "9"]
[EventCountry "USA"]
[SourceTitle "EXT 2016"]
[Source "ChessBase"]
[SourceDate "2015.10.08"]
[SourceVersion "1"]
[SourceVersionDate "2015.10.08"]
[SourceQuality "1"]

1. e4 c5 2. Nf3 d6 3. d4 cxd4 4. Nxd4 Nf6 5. Nc3 a6 6. Bg5 e6 7. Bc4 Be7 8. Qe2 Nxe4 9. Bxe7 Nxc3 10. Bxd8 Nxe2 11. Bxe2 Kxd8 12. 0-0-0 Ke7 13. Rhe1 Nc6 14. f4 Bd7 15. Nf3 f6 16. Nd2 d5 17. Bg4 Kf7 18. c4 Nb4 19. Kb1 Nd3 20. Rf1 Bc6 21. Nb3 dxc4 22. Nd4 Bd5 23. Bf3 Nxf4 24. g3 Bxf3 25. Nxf3 Nd5 26. Rfe1 Rhe8 27. Re4 Rac8 28. Kc2 Nb4+ 29. Kb1 Nd3 30. Kc2 Red8 31. Kb1 b5 32. Rf1 c3 0-1

[Event "San Francisco TNM Summer op"]
[Site "San Francisco"]
[Date "2014.07.08"]
[Round "7"]
[White "Manvelyan, Hovik"]
[Black "Flores Gomez, David"]
[Result "1-0"]
[WhiteElo "2026"]
[BlackElo "1732"]
[PlyCount "81"]
[EventDate "2014.05.27"]
[EventType "swiss"]
[EventRounds "8"]
[EventCountry "USA"]
[SourceTitle "EXT 2016"]
[Source "ChessBase"]
[SourceDate "2015.10.08"]
[SourceVersion "1"]
[SourceVersionDate "2015.10.08"]
[SourceQuality "1"]

1. h4 b6 2. b3 Bb7 3. Bb2 e6 4. Nf3 Nc6 5. g3 Nf6 6. Bg2 Be7 7. c4 h6 8. d3 a5 9. a3 Nh5 10. Nfd2 Bf6 11. Nc3 Be7 12. e3 Nf6 13. d4 Qc8 14. Rc1 Ne5 15. dxe5 Bxg2 16. Rg1 Bh3 17. exf6 Bxf6 18. Qf3 Bf5 19. Na4 Bxb2 20. Nxb2 0-0 21. g4 Bg6 22. g5 h5 23. Qg2 e5 24. Ne4 Qd8 25. Ng3 Qe7 26. Ra1 c6 27. e4 Qc5 28. Na4 Qe7 29. Qf3 f5 30. exf5 b5 31. cxb5 cxb5 32. Nb6 Ra6 33. Nd5 Qc5 34. Ne4 Qc2 35. Ne7+ Kh8 36. Nxg6+ Rxg6 37. Qxh5+ Rh6 38. gxh6 Qxe4+ 39. Qe2 Qxe2+ 40. Kxe2 gxh6 41. Rad1 1-0

[Event "San Francisco TNM Summer op"]
[Site "San Francisco"]
[Date "2014.05.27"]
[Round "1"]
[White "Flores Gomez, David"]
[Black "Zulkhuu, Amuunaa"]
[Result "1-0"]
[WhiteElo "1732"]
[BlackElo "842"]
[PlyCount "49"]
[EventDate "2014.05.27"]
[EventType "swiss"]
[EventRounds "8"]
[EventCountry "USA"]
[SourceTitle "EXT 2016"]
[Source "ChessBase"]
[SourceDate "2015.10.08"]
[SourceVersion "1"]
[SourceVersionDate "2015.10.08"]
[SourceQuality "1"]

1. e4 e5 2. Nf3 Nc6 3. Bb5 Nf6 4. 0-0 Bc5 5. c3 d6 6. d4 exd4 7. cxd4 a6 8. Bxc6+ bxc6 9. dxc5 Nxe4 10. Re1 Bf5 11. Nd4 Qd7 12. f3 dxc5 13. Nxf5 Qxf5 14. Rxe4+ Kf8 15. Nc3 h5 16. Qb3 g5 17. h4 f6 18. Be3 gxh4 19. Rf4 Qe5 20. Ne4 Rg8 21. Rxf6+ Ke7 22. Qf7+ Kd8 23. Qxg8+ Qe8 24. Rd1+ Ke7 25. Qe6# 1-0

[Event "San Francisco TNM Fall op"]
[Site "San Francisco"]
[Date "2013.11.19"]
[Round "5"]
[White "Flores Gomez, David"]
[Black "Harris, Clarence"]
[Result "1-0"]
[WhiteElo "1650"]
[BlackElo "1314"]
[PlyCount "69"]
[EventDate "2013.10.22"]
[EventType "swiss"]
[EventRounds "9"]
[EventCountry "USA"]
[SourceTitle "EXT 2016"]
[Source "ChessBase"]
[SourceDate "2015.10.08"]
[SourceVersion "1"]
[SourceVersionDate "2015.10.08"]
[SourceQuality "1"]

1. e4 e5 2. Nf3 Nc6 3. Bc4 Nf6 4. Qe2 Be7 5. 0-0 0-0 6. c3 Na5 7. Nxe5 Nxc4 8. Nxc4 d5 9. exd5 Nxd5 10. d4 Be6 11. Ne5 Rc8 12. Rd1 Re8 13. Qf3 Nf6 14. Nd2 Bd5 15. Qg3 Bd6 16. f4 Nh5 17. Qg4 Nf6 18. Qh3 Be6 19. Qd3 Bxe5 20. fxe5 Ng4 21. Nf3 Qd7 22. h3 Bf5 23. Qe2 Nf6 24. Nh4 Bxh3 25. gxh3 Qxh3 26. Ng2 Ng4 27. Bf4 Re6 28. Rd3 Qh5 29. Bg3 f5 30. Nf4 Qh6 31. Nxe6 g5 32. d5 Qh5 33. Rf1 f4 34. Bxf4 gxf4 35. Rxf4 1-0

[Event "San Francisco Neil Falconer op"]
[Site "San Francisco"]
[Date "2013.08.13"]
[Round "2"]
[White "Flores Gomez, David"]
[Black "Gomboluudev, Enkhjin C"]
[Result "1-0"]
[WhiteElo "1641"]
[BlackElo "1125"]
[PlyCount "59"]
[EventDate "2013.08.06"]
[EventType "swiss"]
[EventRounds "9"]
[EventCountry "USA"]
[SourceTitle "EXT 2016"]
[Source "ChessBase"]
[SourceDate "2015.10.08"]
[SourceVersion "1"]
[SourceVersionDate "2015.10.08"]
[SourceQuality "1"]

1. e4 e5 2. Nf3 Nc6 3. Bc4 Bc5 4. 0-0 d6 5. c3 Bg4 6. h3 Bxf3 7. Qxf3 Nf6 8. d3 h6 9. Qg3 Nh5 10. Qg4 g6 11. a4 Qf6 12. b4 Nxb4 13. cxb4 Bxb4 14. Na3 c6 15. Nc2 Bc5 16. Rb1 b6 17. Be3 Bxe3 18. fxe3 Qg7 19. Bxf7+ Kd8 20. Qe6 Qf8 21. Bxg6 Qe7 22. Qxe7+ Kxe7 23. Bxh5 Rhf8 24. Nb4 Rac8 25. Rxf8 Kxf8 26. Rf1+ Ke7 27. Rf7+ Ke6 28. Rxa7 c5 29. Nd5 Rb8 30. Bg4# 1-0

[Event "San Francisco TNM Winter op"]
[Site "San Francisco"]
[Date "2013.01.08"]
[Round "1"]
[White "Flores Gomez, David"]
[Black "Lin, Michael"]
[Result "0-1"]
[WhiteElo "1695"]
[BlackElo "2139"]
[PlyCount "86"]
[EventDate "2013.01.08"]
[EventType "swiss"]
[EventRounds "8"]
[EventCountry "USA"]
[SourceTitle "EXT 2016"]
[Source "ChessBase"]
[SourceDate "2015.10.08"]
[SourceVersion "1"]
[SourceVersionDate "2015.10.08"]
[SourceQuality "1"]

1. e4 e5 2. Nf3 Nc6 3. Bc4 Nf6 4. d3 Be7 5. Nc3 0-0 6. Be3 d6 7. h3 Na5 8. Bb3 Nxb3 9. axb3 d5 10. Nxe5 d4 11. Bd2 dxc3 12. bxc3 c5 13. 0-0 Qc7 14. Bf4 Bd6 15. d4 Nxe4 16. Qf3 f5 17. Rfe1 b6 18. Nd3 Bb7 19. Bxd6 Qxd6 20. dxc5 Nxc5 21. Qe3 Nxd3 22. cxd3 Qc6 23. Qg3 Rf6 24. f3 Rg6 25. Qf4 Qxf3 26. Qxf3 Bxf3 27. Kf2 Bxg2 28. h4 Kf7 29. h5 Rg4 30. Re5 Kf6 31. Rae1 Be4 32. d4 Kf7 33. Ra1 Rg2+ 34. Ke3 Rg3+ 35. Kd2 Rd3+ 36. Ke2 Rxc3 37. b4 a5 38. bxa5 Rxa5 39. Raxa5 bxa5 40. Rxa5 Rh3 41. d5 Rxh5 42. d6 Ke6 43. Ra6 f4 0-1